| 000 | 01163nam0a22002531 4500 | ||
|---|---|---|---|
| 001 | rc\3957389 | ||
| 005 | 20260407172918.0 | ||
| 021 |
_aRU _b[56-25707] |
||
| 035 | _a(NLR Aleph) 008048092 | ||
| 090 |
_a8923924 _c8923924 |
||
| 100 | _a20130415d1956 |||y0rusy50 ca | ||
| 101 | 0 | _arus | |
| 102 | _aRU | ||
| 105 | _ay z ||||| | ||
| 200 | 1 |
_aТезисы докладов и выступлений _fМ-во геологии и охраны недр СССР. Акад. наук СССР. Совещание по разработке унифицир. стратигр. схем Дальнего Востока. 10-20 мая 1956 г. |
|
| 210 |
_aХабаровск _cБ. и. _d1956 |
||
| 215 |
_a94 с. _d22 |
||
| 606 |
_aСтратиграфия _yДальний Восток _jТезисы докладов _2psbo |
||
| 710 | 1 | 2 |
_aСовещание по разработке унифицированных стратиграфических схем Дальнего Востока _f1956 _eХабаровск _3RU\NLR\AUTH\8810109776 _9719593 |
| 801 | 0 |
_aRU _bNLR _gpsbo |
|
| 801 | 1 |
_aRU _bELAR _2rusmarc |
|
| 852 |
_aNLR _jГн02 Г-6/643 |
||
| 942 | _cBOOK | ||
| 980 | _aNB | ||